000 00441nam a2200193Ia 4500
008 240510s9999 xx 000 0 und d
020 _a0008120310594
041 _aEng
082 _a004.24
082 _bF84
100 _aFULTON J.
245 4 _aTHE COMPLETE IDIOT'S GUIDE TO UPGRADING YOUR PC
260 _bNEWDELHI : PRINTICE HALL
260 _c1996
300 _a331 p.
650 _aHARDWARE
942 _2ddc
942 _cLBK
999 _c26695
_d26695
945 _a1
_bMadushi Gamage
_c1
_dMadushi Gamage